000 00454nam a2200157 4500
001 136738
003 ES-MaACL
005 20230906195220.0
007 t|
008 070214s1972 sp r ||||1| spa d
100 1 _aSalaignac, Bernault de.
_9101702
245 1 0 _aDiario de un cura
_b: 1967-1970 /
_cP. Bernault de Salaignac.
260 _aBilbao :
_bDesclée de Brouwer,
_c1972.
300 _a248 p. ;
_c19 cm.
852 _aES-MaACL
_jC-49098
_bR.83599
999 _c136738
_d136738